000 00443nam a2200169Ia 4500
005 20250424120952.0
008 231217s9999 xx 000 0 und d
020 _a9780070635197
082 _a658.3222 MIL;1
100 _aMilkovich, George T Newman, Jerry M
245 0 _aCompensation
260 _c2005
_bTata McGraw-Hill
_aNew Delhi
300 _axiv+634
500 _aContent page available
650 _aCompensation
942 _cAA
999 _c179946
_d179946